| 000 | 00687nam a22002175i 4500 | ||
|---|---|---|---|
| 001 | 169228 | ||
| 003 | ES-MaACL | ||
| 005 | 20251009185054.0 | ||
| 008 | 080822s2007 sp |||| | spa d | ||
| 020 | _a978-84-7522-131-1 | ||
| 080 | _a821.111(71)-14"19" | ||
| 100 | 1 |
_aCohen, Leonard. _939504 |
|
| 245 | 1 | 0 |
_aParásitos del paraíso / _cLeonard Cohen ; traducción de Antonio Resines. |
| 260 |
_aMadrid : _bVisor, _c[2007] |
||
| 300 |
_a179 p. ; _c20 cm. |
||
| 490 | 1 |
_aColección Visor de poesía ; _v131 |
|
| 700 | 0 |
_aResines, Antonio, _d1949- _996328 |
|
| 830 | 0 |
_aColección Visor de poesía _v131 _9177331 |
|
| 852 |
_aES-MaACL _jL-29693 _9R.143491 |
||
| 999 |
_c169228 _d169228 |
||